000
00223nam a2200097Ia 4500
100
_a
Chandralekha K
245
0
_a
Samyojitha rubberkrishi
260
_b
Rubber, 661(June): 17-19.
_c
2021
650
_a
Rubber krishi
942
_c
JS
999
_c
68401
_d
68401